000 00932nam a2200241Ia 4500
003 OSt
005 20221002050448.0
006 a|||||r|||| 00| 0
007 ta
008 220930b |||||||| |||| 00| 0 hin d
024 _a1985
037 _bGift, 17/01/2013,
_cReference Collections
040 _aCRL
_cCRL
_bhin
041 _2hin
_ahin
082 _ak, 152M9(RR)
100 _aबाहरी, हरदेव, (और अन्य), संपा.
245 0 _aकोश विज्ञान सिद्धान्त और प्रयोग
260 _aवाराणसी
_b विश्वविद्यालय प्रकाशन
_c1989
300 _a192पृ0
_ccm.
650 _aहिन्दी भाषा
942 _hk, 152M9(RR)
_cref
_2CC
999 _c914633
_d914633